Voltar (Registo nº 891)

Detalhes MARC
000 -Etiqueta do registo
Cabeçalho 01289ngm0a2200361 4500
005 - Identificador da versão
Campo de controlo 20240813121818.0
021 ## - Número do Depósito Legal
Código do país PT
035 ## - Other System Control Numbers
System Control Number 0000960
System Control Number 0000953
System Control Number 0000938
100 ## - Dados gerais de processamento
Dados gerais de processamento 20090417d2009 m y0pory5003 ba
102 ## - Pais de publicação ou produção
País de publicação Portugal
101 0# - Língua de publicação
Língua do texto, banda sonora, etc. Espanhol
Língua das legendas Português
115 ## - Campo de dados codificados: Projecções Visuais, Filmes e Vídeos
Dados modificados - geral c121bbz zzzz zzxxc
215 ## - Descrição física 
Indicação específica da natureza do documento e extensão da espécie 1 DVD (PAL 2) (121 min.)
200 1# - Titulo e menção de responsabilidade
Título próprio Voltar
Título paralelo Volver
Primeira menção de responsabilidade real. Pedro Almodovar
225 2# - Colecção 
Título próprio da colecção Almodovar
Indicação de volume 1
210 ## - Publicação, Distribuição, etc. 
Lugar da edição, distribuição, etc. PT
Nome do editor, distribuidor, etc. Prisvideo (distribuidor)
Data da publicação, distribuição, etc. 2009
323 ## - Nota ao elenco (material de projecção e video de registos sonoros) 
Texto da nota Elenco: Penélope Cruz, Carmen Maura, Lola Dueñas, Blanca Portillo, Yohana Cobo, Chus Lampreave
322 ## - Nota aos responsáveis artísticos e técnicos (material de projecção e video e registos sonoros) 
Texto da nota Créditos: Produção, El Deseo; música, Alberto Iglesias; montagem, José Salcedo; fotografia, José Luís Alcaine
305 ## - Notas relativas à edição e história bibliográfica da publicação 
Texto da nota Data lançamento: 2005
333 ## - Nota relativa aos potenciais utilizadores
Texto da nota Classificação: M12
330 ## - Sumário ou Resumo
Texto da nota Sumário: três gerações de mulheres sobrevivem ao vento quente, ao fogo, à loucura, à superstição, e até mesmo à morte, à base de bondade, de mentiras e de uma vitalidade sem limites.
606 ## - Nome comum usado como assunto
Número de registo de entrada de autoridade 0001157
Palavra de ordem Filme
Subdivisão de assunto Melodrama
610 ## - Termos de indexação não controlados
Subject Term DVD cinema
675 ## - Classificação Decimal Universal (CDU)
Notação 791.43
Edição BN
Língua da edição por
702 #1 - Nome de autor-pessoa física (responsabilidade secundária)
Número de registo de entrada de autoridade 0001158
Palavra de ordem Almodovar
Outra parte do nome não tomada para palavra de ordem Pedro
Código de função Diretor / Director teatral / Realizador
966 ## - Identificação da Biblioteca
Sigla NUMETECA
942 ## - Elementos de entrada adicionados (Koha)
Tipo de item no Koha Livro
Exemplares
Situação do levantamento Origin of item (home branch) (coded) Biblioteca de empréstimo Código de barras Cota Circulation type (not for loan) Tipo de documento Nota do exemplar Damaged status
  Biblioteca Escolar Eng. Nuno Mergulhão Biblioteca Escolar Eng. Nuno Mergulhão BENM1723 F VOL 99   CD-ROM Sem mensagem